Психологічні прийоми в політиці (Запис № 329039)

МАРК-запис
000 -LEADER
fixed length control field 00730nam a22002537a 4500
001 - CONTROL NUMBER
control field 42908
003 - CONTROL NUMBER IDENTIFIER
control field UA-OsUOA
005 - DATE AND TIME OF LATEST TRANSACTION
control field 20200421114639.0
007 - PHYSICAL DESCRIPTION FIXED FIELD--GENERAL INFORMATION
fixed length control field ta
008 - FIXED-LENGTH DATA ELEMENTS--GENERAL INFORMATION
fixed length control field 20061128b un ||||| |||| 00| 0 ukr d
020 ## - INTERNATIONAL STANDARD BOOK NUMBER
International Standard Book Number 966-608-532-1
040 ## - CATALOGING SOURCE
Original cataloging agency UA-OsUOA
Language of cataloging ukr
Transcribing agency UA-OsUOA
Modifying agency UA-OsUOA
041 ## - LANGUAGE CODE
Language code of text/sound track or separate title ukr
080 ## - UNIVERSAL DECIMAL CLASSIFICATION NUMBER
Universal Decimal Classification number 32:159.9
090 ## - LOCALLY ASSIGNED LC-TYPE CALL NUMBER (OCLC); LOCAL CALL NUMBER (OCLC)
Classification number (OCLC) (R) ; Classification number, CALL (RLIN) (NR) 32:159.9
Local cutter number (OCLC) ; Book number/undivided call number, CALL (RLIN) С32
100 ## - MAIN ENTRY--PERSONAL NAME
Personal name Сергієнко Н. О.
245 ## - TITLE STATEMENT
Title Психологічні прийоми в політиці
Remainder of title Навчальний посібник
260 ## - PUBLICATION, DISTRIBUTION, ETC. (IMPRINT)
Place of publication, distribution, etc К.
Name of publisher, distributor, etc МАУП
Date of publication, distribution, etc 2006
300 ## - PHYSICAL DESCRIPTION
Extent 112 с.
650 #7 - SUBJECT ADDED ENTRY--TOPICAL TERM
Topical term or geographic name as entry element 32 Політика
Source of heading or term UDC
942 ## - ADDED ENTRY ELEMENTS (KOHA)
Koha item type Книги
Source of classification or shelving scheme Universal Decimal Classification
955 ## - COPY-LEVEL INFORMATION (RLIN)
Classification number, CCAL (RLIN) Навчальні видання
Фонди
Withdrawn status Lost status Source of classification or shelving scheme Damaged status Not for loan Home library Current library Date acquired Source of acquisition Cost, normal purchase price Inventory number Total Checkouts Full call number Barcode Date last seen Price effective from Koha item type Date checked out
    Universal Decimal Classification     ЧЗ - Читальна зала ЧЗ - Читальна зала 28/11/2006 132/2006 19.10 100808   32:159.9 С32 100808 07/02/2022 28/11/2006 Книги  
    Universal Decimal Classification     ЧЗ - Читальна зала ЧЗ - Читальна зала 28/11/2006 132/2006 19.10 100809 1 32:159.9 С32 100809 07/02/2022 28/11/2006 Книги 10/02/2020
    Universal Decimal Classification     ЧЗ - Читальна зала ЧЗ - Читальна зала 02/03/2012 21/2012 20.00 137398   32:159.9 С32 137398 07/02/2022 28/11/2006 Книги  
    Universal Decimal Classification     ЧЗ - Читальна зала ЧЗ - Читальна зала 07/02/2007 16/2007 21.00 102785   32:159.9 С32 102785 07/02/2022 07/02/2007 Книги